000 00296nam a22001337a 4500
008 210426b ||||| |||| 00| 0 eng d
041 _aeng
080 _23rd
_a53
082 _a53
100 _a43
101 _aFIZ
245 _aIntroduction to Psychology
_cErnest R. Hilgard
942 _2udc
_cBK
999 _c56763
_d56763